| 000 | 00521nam a22001577a 4500 | ||
|---|---|---|---|
| 022 | _a0309029821 | ||
| 082 |
_a388.4068 _bNAT _cD |
||
| 100 |
_aT.R.B, NR.C. Washington D.C _938759 |
||
| 245 |
_aTransportation planning for small and medium sized communities _cT.R.B, NR.C. Washington D.C |
||
| 260 |
_aWashington, DC _bNational Academy of science _c1987 |
||
| 300 | _avii, 99 p,: | ||
| 526 |
_a0 _b0 _c0 _d388_406800000000000_NAT |
||
| 650 |
_aNUST _96342 |
||
| 700 |
_aT.R.B, NR.C. Washington D.C _938759 |
||
| 942 |
_2ddc _cBK |
||
| 999 |
_c543406 _d543406 |
||